• 首页
  • 本馆介绍
  • 公告通知
  • 最新文献
  • 馆藏检索
  • 电子资源
  • 读者导购
  • 参考咨询
  • 我的图书馆
  • 登录
  • 详细信息显示
  • 放入我的书架
  • 预约/预借图书
  • 作者相关作品
  • 分类相关作品
  • 丛书相关作品
  • 出版社相关作品

书目信息

  • 表格格式
  • 工作单格式
  • 卡片格式
题名:
化妆技巧与形象设计
    
 
作者: 李晓妍 , 刘慧 , 孟会芳 主编
分册:  
出版信息: 北京   航空工业出版社  2019
页数: 188页
开本: 26cm
丛书名:
单 册:
中图分类: F560.9
科图分类:
主题词: 民用航空--min yong hang kong--乘务人员--化妆--教材 , 民用航空--min yong hang kong--乘务人员--形象--设计--教材
电子资源:
ISBN: 978-7-5165-1164-0
000 01103nam0 2200301 45
001 012001002899
005 20140125173947.0
010    @a978-7-5165-1164-0@dCNY58.00
099    @aCAL 012017069788
100    @a20170309d2017 em y0chiy50 ea
101 0  @achi
102    @aCN@b110000
105    @aa z 000yy
106    @ar
200 1  @a化妆技巧与形象设计@Ahua zhuang ji qiao yu xing xiang she ji@f主编李晓妍, 刘慧, 孟会芳
210    @a北京@c航空工业出版社@d2019
215    @a188页@c彩图@d26cm
300    @a含微课
330    @a本书主要介绍民航服务人员的形象设计及化妆技巧。全书共分八个项目, 具体内容包括形象设计概述、穿出职业风格、搭配合适发型、做好基础护肤、百部底妆技巧、局部彩妆技巧等。
333    @a民航服务类专业“十二五”规划教材
606 0  @a民用航空@Amin yong hang kong@x乘务人员@x化妆@j教材
606 0  @a民用航空@Amin yong hang kong@x乘务人员@x形象@x设计@j教材
690    @aF560.9@v5
701  0 @a李晓妍@Ali xiao yan@4主编
701  0 @a刘慧@Aliu hui@4主编
701  0 @a孟会芳@Ameng hui fang@4主编
801  2 @aCN@b北京卓展@c20191020
905    @b1204685-8@dF560.9@e14@f4
    
    化妆技巧与形象设计/主编李晓妍, 刘慧, 孟会芳.-北京:航空工业出版社,2019
    188页:彩图;26cm
    含微课.-使用对象:民航服务类专业“十二五”规划教材
    
    ISBN 978-7-5165-1164-0:CNY58.00
    本书主要介绍民航服务人员的形象设计及化妆技巧。全书共分八个项目, 具体内容包括形象设计概述、穿出职业风格、搭配合适发型、做好基础护肤、百部底妆技巧、局部彩妆技巧等。
●
相关链接 在E读中查询图书 在五车中查询图书 在当当中查询图书 在豆瓣中查询图书


正题名:化妆技巧与形象设计     索取号:F560.9/14         预约/预借

序号 登录号 条形码 馆藏地/架位号 状态 备注
1 1204685   212046855   第一样本阅览室/ [索取号:F560.9/14] 在馆    
2 1204686   212046864   第一借阅区/ [索取号:F560.9/14] 在馆    
3 1204687   212046873   第一借阅区/ [索取号:F560.9/14] 在馆    
4 1204688   212046882   第一借阅区/ [索取号:F560.9/14] 在馆    
唐山师范学院图书馆 欢迎您!
大连网信软件有限公司© 版权所有